| 000 | 00495nam a2200193Ia 4500 | ||
|---|---|---|---|
| 008 | 210210b2019 xxu||||| |||| 00| 0 eng d | ||
| 041 | _aeng | ||
| 082 | _a658.4012 MONS | ||
| 100 | _aMONIS (Herald) | ||
| 245 | _aStrategic management and organisational behaviour | ||
| 260 |
_aMangalore _bUnited Agencies _c2019 |
||
| 300 | _a202 | ||
| 650 | _aStrategic | ||
| 650 | _aorganisational | ||
| 650 | _amanagement | ||
| 650 | _abehaviour | ||
| 690 | _aStrategic Management | ||
| 906 | _a073319 | ||
| 999 |
_c123190 _d123190 |
||